000
00341nam a2200145Ia 4500
008
191201s2005 xx 000 0 und d
082
_a
621.3
_b
LED
100
_a
LEACH, Donald P
245
0
_a
Digital Principles and Application
250
_a
5th
260
_a
N.Delhi
_b
TMH
_c
2005
300
_a
638
650
_a
B.Tech(ECE)
942
_2
ddc
_c
BK
999
_c
967
_d
967